000 00859nam a2200217Ii 4500
003 JO-AjNU
008 230605s9999||||xx |||||||||||||| ||und||
017 _a2022/8/4345
020 _a978-9957-95-981-4
040 _aJO-AjNU
_bara
_erda
_cJO-AjNU
041 _aara
050 1 4 _aHF1416.2023
100 3 _aبن عمارة، احلام,
_eauthor
_964281
245 0 0 _aالتسويق الدولي للمنظمات الصغيرة والمتوسطة
264 3 1 _aعمان: دار الايام للنشر والتوزيع، 2023
300 _a210ص
_bيحتوي على جداوال توضيحية
336 _atext
_btxt
_2rdacontent
337 _aunmediated
_bn
_2rdamedia
338 _avolume
_bnc
_2rdacarrier
650 4 _aالتسويق الدولي-ترويج المبيعات-المؤسسات الاقتصادية-الاسواق الدولية
_964282
999 _aA29204
_c32772
_d32772